Implementation of the single payment scheme in England (Record no. 104273)
[ view plain ]
| 000 -LEADER | |
|---|---|
| fixed length control field | 01309cam a2200217 4500 |
| 001 - CONTROL NUMBER | |
| control field | L129777 |
| 008 - FIXED-LENGTH DATA ELEMENTS--GENERAL INFORMATION | |
| fixed length control field | 050518n2005 000 0 eng u |
| 035 ## - SYSTEM CONTROL NUMBER | |
| System control number | (Sirsi) u129777 |
| 041 ## - LANGUAGE CODE | |
| Language code of text/sound track or separate title | eng |
| 110 ## - MAIN ENTRY--CORPORATE NAME | |
| Corporate name or jurisdiction name as entry element | Royal Institution of Chartered Surveyors |
| Subordinate unit | Faculties and Forums |
| 9 (RLIN) | 4495 |
| 245 ## - TITLE STATEMENT | |
| Title | Implementation of the single payment scheme in England |
| Remainder of title | briefing for RICS members |
| 260 ## - PUBLICATION, DISTRIBUTION, ETC. | |
| Place of publication, distribution, etc. | London |
| Name of publisher, distributor, etc. | RICS |
| Date of publication, distribution, etc. | 2005 |
| 300 ## - PHYSICAL DESCRIPTION | |
| Extent | 17p. |
| 490 ## - SERIES STATEMENT | |
| Series statement | SPS Briefing Paper |
| Volume/sequential designation | May 2005 |
| 520 ## - SUMMARY, ETC. | |
| Summary, etc. | This briefing for RICS members summarises the main provisions of the CAP reforms as applied in England. Covers the background to the reforms, the updates and the timing of the CAP reform implementation. Examines: Single Payment Scheme (SPS) applications; establishing entitlements to the SPS; claims on the national reserve; set-aside rules and agri-environment schemes; and the SPS. Concludes with information on non-agricultural uses, the cross compliance rules and an annex containing advice on completing the SPS application forms. |
| 590 ## - LOCAL NOTE (RLIN) | |
| Local note | IKA190505 |
| 650 ## - SUBJECT ADDED ENTRY--TOPICAL TERM | |
| Topical term or geographic name entry element | SINGLE PAYMENT SCHEME |
| 690 ## - LOCAL SUBJECT ADDED ENTRY--TOPICAL TERM (OCLC, RLIN) | |
| Topical term or geographic name as entry element | ENVIRONMENTAL AND LAND CONSULTANCY-AGRIBUSINESS-AGRICULTURE |
| 856 ## - ELECTRONIC LOCATION AND ACCESS | |
| Uniform Resource Identifier | <a href="https://www.rics.org/RICSWEB/getpage.aspx?p=3Duotmx6_kOEO1MqPdaIkw">https://www.rics.org/RICSWEB/getpage.aspx?p=3Duotmx6_kOEO1MqPdaIkw</a> |
| Public note | View the paper free of charge at www.rics.org... |
| 942 ## - ADDED ENTRY ELEMENTS (KOHA) | |
| Suppress in OPAC | 0 |
| Withdrawn status | Lost status | Source of classification or shelving scheme | Damaged status | Not for loan | Home library | Current library | Shelving location | Date acquired | Total Checkouts | Full call number | Barcode | Date last seen | Copy number | Price effective from | Koha item type |
|---|---|---|---|---|---|---|---|---|---|---|---|---|---|---|---|
| Dewey Decimal Classification | Virtual | Virtual | Online | 18/05/2005 | ONLINE PUBLICATION | 129777-1001 | 06/08/2019 | 1 | 06/08/2019 | Book |